|
|
|
|
| LEADER |
01911nam a2200517 i 4500 |
| 001 |
nkc20243583764 |
| 003 |
CZ PrNK |
| 005 |
20250128131901.0 |
| 007 |
ta |
| 008 |
240115s2024 xr a g 000 j cze |
| 015 |
|
|
|a cnb003583764
|
| 020 |
|
|
|a 978-80-88501-16-9
|q (brožováno)
|
| 035 |
|
|
|a (OCoLC)1498301577
|
| 040 |
|
|
|a BOA001
|b cze
|d OLA001
|e rda
|
| 041 |
1 |
|
|a cze
|h ger
|
| 072 |
|
7 |
|a 821.112.2-3
|x Německá próza, německy psaná
|2 Konspekt
|9 25
|
| 072 |
|
7 |
|a 821-93
|x Literatura pro děti a mládež (beletrie)
|2 Konspekt
|9 26
|
| 080 |
|
|
|a 821.112.2-32
|2 MRF
|
| 080 |
|
|
|a 821-93
|2 MRF
|
| 080 |
|
|
|a (0:82-322.9)
|2 MRF
|
| 080 |
|
|
|a (0.05)793.7
|2 MRF
|
| 100 |
1 |
|
|a Zapf, Karl-Heinz
|7 mzk20251249389
|4 aut
|
| 240 |
1 |
0 |
|a Elfenwald - Schatten über Cas'Ashar.
|l Česky
|
| 245 |
1 |
0 |
|a Elfí les :
|b stíny nad Kazašárem : fantasy gamebook /
|c autor: Karl-Heinz Zapf ; ilustrace: Huargo ; překlad: Václav Pražák
|
| 246 |
3 |
0 |
|a Stíny nad Kazašárem
|
| 246 |
1 |
8 |
|a Elfí les - stíny nad Kazašárem
|
| 250 |
|
|
|a Vydání druhé, v nakladatelství Mytago první
|
| 264 |
|
1 |
|a [Ostrava] :
|b Mytago,
|c 2024
|
| 300 |
|
|
|a 176 stran :
|b ilustrace ;
|c 16 cm
|
| 336 |
|
|
|a text
|b txt
|2 rdacontent
|
| 337 |
|
|
|a bez média
|b n
|2 rdamedia
|
| 338 |
|
|
|a svazek
|b nc
|2 rdacarrier
|
| 500 |
|
|
|a Přeloženo z němčiny
|
| 655 |
|
7 |
|a německé příběhy
|7 fd132944
|2 czenas
|
| 655 |
|
7 |
|a fantasy příběhy
|7 fd184198
|2 czenas
|
| 655 |
|
7 |
|a publikace pro mládež
|7 fd133157
|2 czenas
|
| 655 |
|
9 |
|a German stories
|2 eczenas
|
| 655 |
|
9 |
|a fantasy stories
|2 eczenas
|
| 655 |
|
9 |
|a juvenile literature
|2 eczenas
|
| 700 |
0 |
|
|a Huargo
|7 mzk20251249393
|4 ill
|
| 700 |
1 |
|
|a Pražák, Václav,
|d 1979-
|7 jo2013768591
|4 trl
|
| 910 |
2 |
|
|a BOA001
|b 1-1539.042
|
| 990 |
|
|
|a BK
|
| 995 |
|
|
|a 01
|
| 991 |
|
|
|b 202501
|c NOV
|
| 996 |
6 |
|
|b 2610991838
|c 1-1539.042
|l MZK
|r Sklad / do 1 hodiny
|n 0
|p p.v.
|w 001990509
|u 000010
|a 1
|e BOA001
|j MZK50
|s P
|